000 00566ntaaa2200193 4500
003 01
005 20251027202204.0
008 0714s1973 ag 01
040 _aAR-BaBN
_bspa
_cAR-BaBN
_eaacr
_dRIC
082 _a267.4000 B85
100 _aBucy, Wilma Genera
_920421
245 _aThe new why and how of Woman's Missionary Union
250 _a1 ed.
260 _aNashville :
_bSunday School Board of the Southern Baptist Convention,
_cc1934
300 _a118 p
500 _aLa Unión Femenil Misionera
650 _aUnión femenil misionera
_917041
942 _cBK
999 _c16810
_d16810